000 00418nam a2200181Ia 4500
001 17426
005 20260306171516.0
008 260306s9999||||xx |||||||||||||| ||und||
041 _aESP
082 _a658
_bB141 V. 7
100 _aTapies, J.
_eAUT
245 0 _aLas relaciones con la banca
260 _c1996
300 _a96 páginas :
_c25 cm.
650 _aGEN
654 _aCAN
942 _cLIB
_dJUS
_fJUS
_2ddc
_n
999 _c17426
_d17426